Qué es la historia?

محفوظ في:
التفاصيل البيبلوغرافية
المؤلف الرئيسي: Carr, Edward Hallett (مؤلف)
التنسيق: كتاب
اللغة:الإسبانية
منشور في: Barcelona Seix Barral 1972
الطبعة:5a. ed
سلاسل:Biblioteca Breve. Ciencias Humanas, 245
الموضوعات:
الوسوم: إضافة وسم
لا توجد وسوم, كن أول من يضع وسما على هذه التسجيلة!

MARC

LEADER 00000nam a2200000 a 4500
001 UCP4300
003 CL-VaPUC
008 990724e19720000SP |||||||||||||||||spa|d
082 0 4 |a 901  |b CAR  |2 21 
100 0 |a Carr, Edward Hallett  |e author  |9 431755 
245 1 0 |a Qué es la historia? 
250 |a 5a. ed 
300 |a 217 p 
942 |c BK 
945 |d 19990724 00:00:00  |a lriquelm 
260 |a Barcelona  |b Seix Barral  |c 1972 
650 0 |a Filosofía de la historia  |9 265651 
650 0 |a Historiador   |9 387849 
650 0 |a Sociedad  |9 307903 
650 0 |a Historia  |9 255047 
583 |a last modification  |c 19990724 00:00:00  |k Rodrigo Vera 
490 0 |a Biblioteca Breve. Ciencias Humanas, 245 
999 |c 282302  |d 282300 
952 |0 0  |1 0  |4 0  |6 901_000000000000000_CAR_1972  |7 0  |8 A  |9 323943  |a BIBHIS  |b BIBHIS  |d 2019-11-20  |i 1366483  |o 901 CAR 1972  |p 1366483  |r 2025-01-20  |w 2019-11-20  |y BK  |k HIS